|
|
|
|
| LEADER |
00000cam a2200000 7i4500 |
| 001 |
0000003467 |
| 005 |
20060327.0 |
| 020 |
0 |
0 |
|a 0851998283
|
| 090 |
0 |
0 |
|a 338.1
|b NAT
|
| 245 |
1 |
0 |
|a Natural resources management in agriculture :
|b methods for assessing economic and environmental impacts
|c edited by B.A. Shiferaw, H.A. Freeman, and S.M. Swinton.
|
| 260 |
0 |
0 |
|a Wallingford, Oxfordshire, UK
|a Cambridge, MA, USA :
|b CABI Pub. ,
|c c2005.
|
| 300 |
|
|
|a xvi, 382 p. :
|b ill. ;
|c 25 cm.
|
| 500 |
0 |
0 |
|a Based on papers from a workshop held at the International Crops Research Institute for the Semi-arid Tropics, Dec. 6-7, 2002.
|
| 650 |
0 |
0 |
|a Agricultural resources
|x Management
|x Congresses.
|
| 650 |
0 |
0 |
|a Agriculture
|x Economic aspects
|x Congresses.
|
| 650 |
0 |
0 |
|a Agriculture
|x Environmental aspects
|x Congresses.
|
| 700 |
1 |
1 |
|a Freeman, H. Ade.
|
| 700 |
1 |
1 |
|a Shiferaw, Bekele.
|
| 700 |
1 |
1 |
|a Swinton, Scott M.
|
| 999 |
|
|
|a 0000006661
|b Monograph
|c Open Shelf
|e Default branch
|